00322nam a2200121 4500020001800000082001700018100002900035245003200064250000600096260002800102300000800130650006200138 a9788131727102 a547.0028 MAN aMann,F.G.aSaunders,B.C. aPractical Organic Chemistry a4 aNew YorkbPearsonc2009 a588 aChemistryaOrganic ChemistryaPractical Organic Chemistry